| 000 | 00534nam a22001937a 4500 | ||
|---|---|---|---|
| 003 | CEME | ||
| 005 | 20210628205452.0 | ||
| 008 | 210218b xxu||||| |||| 00| 0 eng d | ||
| 020 | _a0-08-029959-8 | ||
| 040 | _c. | ||
| 082 | _a623-BRA HAR | ||
| 100 |
_aEverett, Heath E. J _969250 |
||
| 245 | _aMilitary helicopters,brassey's battlefield weapons systems | ||
| 260 |
_aLONDON _bBRASSY'S DEFENC _c1985 |
||
| 300 | _a155P | ||
| 650 |
_aMILITARY HELICOPTERS _948897 |
||
| 700 |
_aHARRISON, P. G,MOSS, G. M _975700 |
||
| 942 |
_cBK _2ddc |
||
| 999 |
_c581092 _d581092 |
||